000 00470nam a2200169Ia 4500
999 _c570
_d570
003 OSt
005 20211103143155.0
008 190216s9999||||xx |||||||||||||| ||und||
040 _coclc
082 _a956
_bKUR/T
100 _aKurup, K K N
_91879
_d1939- author.
245 0 _aTurasul Muslimeen Malabar /
_cK K N Kurup
260 _bAl-Huda Book Stall,
_aCalicut:
300 _a132p
650 _aArabic
942 _cBK
_2ddc
_h956
_iKUR/T
_k956
_mKUR/T